Hans-Georg Gadamer: a biography
Gardado en:
| Autor Principal: | |
|---|---|
| Formato: | Libro |
| Idioma: | inglés |
| Publicado: |
New Haven
Yale University Press
2003
|
| Edición: | 1a. ed |
| Series: | Yale Studies in Hemeneutics
|
| Subjects: | |
| Tags: |
Engadir etiqueta
Sen Etiquetas, Sexa o primeiro en etiquetar este rexistro!
|
MARC
| LEADER | 00000cam a2200000 a 4500 | ||
|---|---|---|---|
| 001 | UCC5601 | ||
| 003 | CL-VaPUC | ||
| 008 | 181021e20030000us |||||||||||||||||eng|d | ||
| 020 | |a 0300098413 | ||
| 082 | 0 | 4 | |a 121.68 |b GRO |2 21 |
| 100 | |a Grondin, Jean |e author |9 599953 | ||
| 245 | 1 | 0 | |a Hans-Georg Gadamer: a biography |
| 250 | |a 1a. ed | ||
| 300 | |a 478 p | ||
| 942 | |c BK | ||
| 945 | |d 20181021 19:29:00 |a dcastane | ||
| 260 | |a New Haven |b Yale University Press |c 2003 | ||
| 650 | 0 | |a Filosofía del lenguaje |9 257082 | |
| 650 | 7 | |a HEMENEUTICA |2 CL-VaPUC |9 391763 | |
| 650 | 0 | |a Hermenéutica |9 269473 | |
| 650 | 0 | |a Análisis del discurso |9 256696 | |
| 650 | 0 | |a Biografías |9 255210 | |
| 583 | |a last modification |c 20181021 19:29:00 |k Rodrigo Vera | ||
| 490 | 0 | |a Yale Studies in Hemeneutics | |
| 999 | |c 372774 |d 372772 | ||